Multiple Choice City Quiz – Cardiff - Statistics

General Stats
  • This quiz has been taken 123 times
  • The average score is 6 of 10
Answer Stats
Question Answer % Correct
What is Cardiff known as in the Welsh language? Caerdydd
95%
Which building houses the Welsh Parliament? Senedd
89%
Which river flows through Cardiff? Taff
84%
The Principality Stadium is home to which sports team? Wales National Rugby Union Team
84%
Which famous writer was born in Cardiff? Roald Dahl
77%
Which alcoholic drink is named after a man from Cardiff? Captain Morgan
67%
Approximately what percentage of people in Cardiff speak Welsh? 10%
54%
Opened in 1894, Cardiff is home to the world's oldest... Record Store
46%
In which year did Cardiff become the capital of Wales? 1955
37%
Which group of people HAVE NOT had a notable settlement in Cardiff? Gaels
15%
No matching quizzes found
Score Distribution
Percent of People with Each Score
Percentile by Number Answered
Your Score History
You have not taken this quiz